| 000 | 01040cab a2200241 4500 | ||
|---|---|---|---|
| 001 | ABS68370 | ||
| 008 | 041021n2004 000 0 eng u | ||
| 035 | _a(Sirsi) u127788 | ||
| 100 | _aDodd, N. | ||
| 245 | _aBiodiversity by design | ||
| 260 | _c2004 | ||
| 490 |
_aTown & Country Planning _v73(10) October 2004, 278-284(7) |
||
| 520 | _aTwo articles on biodiversity and planning. "Biodiversity by design" explains use of the Town and Country Planning Association's biodiversity by design concept to protect and enhance biodiversity in the face of increasing pressure from developments. "A boost for ecological networks?" discusses the draft PPS9 and the opportunities to support biodiversity through the planning system. | ||
| 590 | _aABS | ||
| 650 | _aBIODIVERSITY | ||
| 650 | _aPLANNING PROCESS | ||
| 650 | _aENVIRONMENTAL ISSUES | ||
| 650 | _aBUILDING DEVELOPMENT | ||
| 650 | _aPLANNING POLICY STATEMENT NINE | ||
| 650 | _aECOLOGY | ||
| 690 | _aENVIRONMENTAL AND LAND CONSULTANCY-PLANNING AND DEVELOPMENT | ||
| 942 | _n0 | ||
| 999 |
_c74578 _d74578 |
||